Văn hóa nam bộ trong không gian xã hội Đông Nam Á

Gespeichert in:
Bibliographische Detailangaben
Format: Buch
Sprache:Undetermined
Veröffentlicht: Tp. HCM ĐHQG 2000
Schlagworte:
Tags: Tag hinzufügen
Keine Tags, Fügen Sie den ersten Tag hinzu!
Thư viện lưu trữ: Trung tâm Học liệu Trường Đại học Cần Thơ
LEADER 00424nam a2200145Ia 4500
001 CTU_47487
008 210402s9999 xx 000 0 und d
082 |a 305.89597 
082 |b V115 
245 0 |a Văn hóa nam bộ trong không gian xã hội Đông Nam Á 
260 |a Tp. HCM 
260 |b ĐHQG 
260 |c 2000 
650 |a vietnam - civilization 
980 |a Trung tâm Học liệu Trường Đại học Cần Thơ